[Event "2014 Server Championship, S40029"]
[Site "CCLA"]
[Date "2014.01.27"]
[Round "?"]
[White "Motta, Paul"]
[Black "Weiner, Jerry"]
[Result "0-1"]
[WhiteElo "2418"]
[BlackElo "2302"]

1. d4 Nf6 2. Nc3 d5 3. e4 Nxe4 4. Nxe4 dxe4 5. Bc4 Nc6 6. c3 e5 7. d5 Ne7 
8. f3 Ng6 9. Bb5+ Bd7 10. Bxd7+ Qxd7 11. fxe4 Bc5 12. Nf3 c6 13. dxc6 Qxc6
14. Qd5 Qxd5 15. exd5 Rd8 16. c4 b5 17. b3 e4 18. Nd2 O-O 19. a4 bxc4 20. 
bxc4 Rc8 21. Ba3 e3 0-1

[Event "Herbert W. Gustafson Memorial, S47139"]
[Site "CCLA"]
[Date "2014.10.27"]
[Round "?"]
[White "Lasley, Matthew"]
[Black "Sanchez, David A."]
[Result "1-0"]
[WhiteElo "1514"]
[BlackElo "1471"]

1. d4 d5 2. e4 dxe4 3. Nc3 Nf6 4. f3 Bf5 5. g4 Bg6 6. g5 Nd5 7. fxe4 Nxc3 
8. bxc3 Bxe4 9. Nf3 c6 10. Bg2 e6 11. Qe2 Bxf3 12. Qxf3 g6 13. O-O Qd7 14.
 Qf6 Rg8 15. Rf2 Bg7 16. Qf4 1-0

[Event "Herbert W. Gustafson Memorial, S47139"]
[Site "CCLA"]
[Date "2014.10.27"]
[Round "?"]
[White "Lasley, Matthew"]
[Black "Metz, Edward"]
[Result "1-0"]
[WhiteElo "1514"]
[BlackElo "1398"]

1. d4 d5 2. e4 c6 3. Nc3 dxe4 4. f3 exf3 5. Nxf3 Nf6 6. Bc4 e6 7. O-O Be7 
8. Qe1 b5 9. Bd3 O-O 10. Qh4 h6 11. Bxh6 Nd5 12. Ng5 gxh6 13. Qxh6 Nf6 14.
 Rxf6 Bxf6 15. Qh7# 1-0

[Event "Winter Server Series, S40041"]
[Site "CCLA"]
[Date "2014.01.27"]
[Round "?"]
[White "Gunning, Edward E."]
[Black "Cain, Larry F."]
[Result "1-0"]
[WhiteElo "1350"]
[BlackElo "1267"]

1. e4 d5 2. d4 dxe4 3. Nc3 Nf6 4. f3 exf3 5. Nxf3 Bf5 6. Bc4 e6 7. O-O Be7
8. Bf4 Nbd7 9. Qe2 O-O 10. Be5 c6 11. Nh4 Bg4 12. Qd3 Bh5 13. a3 Rc8 14. 
b4 b5 15. Bb3 Ng4 16. Nf3 Bg6 17. Qe2 Qb6 18. Kh1 Ngxe5 19. dxe5 a6 20. 
Ne4 Qb8 21. Rad1 Nxe5 22. h3 Bh5 23. g4 Bg6 24. c4 Kh8 25. c5 Nxf3 26. 
Qxf3 Bxe4 27. Qxe4 Qg3 28. Rd3 Qh4 29. Bc2 Qg5 30. Rdf3 Qg6 31. Rxf7 Rxf7 
32. Rxf7 Qxe4+ 33. Bxe4 Bf6 34. Ra7 Rd8 35. Rxa6 g6 36. Rxc6 Rd1+ 37. Kg2 
Rd2+ 38. Kf3 Bh4 39. Rxe6 Rf2+ 40. Ke3 Rh2 41. c6 Rxh3+ 42. Bf3 Bd8 43. 
Re8+ 1-0

[Event "2014 Server Championship, S40029"]
[Site "CCLA"]
[Date "2014.01.27"]
[Round "?"]
[White "Motta, Paul"]
[Black "Shnaiderman, Lazar"]
[Result "1-0"]
[WhiteElo "2418"]
[BlackElo "2026"]

1. d4 Nf6 2. Nc3 d5 3. e4 dxe4 4. f3 exf3 5. Nxf3 Bg4 6. h3 Bxf3 7. Qxf3 
c6 8. Be3 e6 9. Bd3 Nbd7 10. O-O Be7 11. Rf2 O-O 12. Raf1 Nb6 13. a3 Qc7 
14. Ne4 Nbd5 15. Nxf6+ Nxf6 16. Bg5 Rfd8 17. c3 Rd5 18. h4 h5 19. Bxf6 
Bxf6 20. Qe3 Qd8 21. Rxf6 gxf6 22. Qh6 f5 23. Rf3 Qd6 24. Kf2 Rxd4 25. 
cxd4 Qxd4+ 26. Kf1 Qg4 27. Be2 Qg7 28. Qf4 Qf6 29. Rg3+ 1-0

[Event "2014 Server Championship, S40029"]
[Site "CCLA"]
[Date "2014.01.27"]
[Round "?"]
[White "Motta, Paul"]
[Black "Greene, Sanford I."]
[Result "1/2-1/2"]
[WhiteElo "2418"]
[BlackElo "2375"]

1. d4 Nf6 2. Nc3 d5 3. e4 dxe4 4. f3 exf3 5. Nxf3 e6 6. Bg5 Be7 7. Bd3 O-O
8. Qe2 Nc6 9. O-O-O Nd5 10. Bxe7 Qxe7 11. Qe4 f5 12. Nxd5 Qd6 13. Qh4 exd5
14. Rhe1 Bd7 15. Bb5 Rae8 16. Bxc6 Bxc6 17. Ne5 Bb5 18. Qf4 b6 19. h4 Re6 
20. g3 c5 21. c3 a5 22. dxc5 bxc5 23. Nf3 h6 24. Rxe6 Qxe6 25. Qe5 Qc6 26.
 Qxd5+ Qxd5 27. Rxd5 Bc6 28. Rd3 f4 29. gxf4 Be4 30. Re3 Rxf4 31. Nd2 Bg6 
32. Rh3 Kf7 33. Rh2 1/2-1/2

[Event " Herbert W. Gustafson Memorial, S47169"]
[Site "CCLA"]
[Date "2014.10.27"]
[Round "?"]
[White "Simonson, Jay"]
[Black "Acosta, Errol"]
[Result "0-1"]
[WhiteElo "1364"]
[BlackElo "1365"]

1. d4 d5 2. Nc3 Nf6 3. Bg5 c6 4. Qd2 e6 5. e3 Be7 6. O-O-O Na6 7. h3 O-O 
8. Nf3 Bb4 9. Bd3 c5 10. Bxa6 bxa6 11. dxc5 Bxc5 12. Ne5 Rb8 13. e4 d4 14.
 Nc6 Qb6 15. Nxb8 dxc3 16. Qxc3 Nxe4 17. Nd7 Nxc3 18. Nxb6 Nxd1 19. Rxd1 
axb6 20. f3 f6 21. Bh4 g5 22. Bg3 Be3+ 23. Kb1 f5 24. Bc7 f4 25. Rd3 Bc5 
26. a3 Be3 27. Rc3 Re8 28. Be5 Bc5 29. Bf6 h6 30. Rc4 e5 31. b4 Be3 32. 
Re4 Bf5 33. Rc4 Kf7 34. Rc6 Re6 35. Rxe6 Kxe6 36. Bg7 h5 37. Ka2 Bxc2 38. 
Kb2 Bd1 39. Bh6 Kf6 40. Kc3 Be2 41. Bf8 Bf1 42. Bd6 Bxg2 43. Bc7 Bxh3 44. 
Kc4 Be6+ 45. Kd3 h4 46. Ke2 Bc4+ 0-1

[Event "Summer Server Series, S40071"]
[Site "CCLA"]
[Date "2014.07.28"]
[Round "?"]
[White "Strelecky, Rich"]
[Black "Hadley, Douglas R."]
[Result "1-0"]
[WhiteElo "1584"]
[BlackElo "1576"]

1. Nc3 d5 2. d4 Nf6 3. Bg5 Nbd7 4. f3 c6 5. e4 dxe4 6. fxe4 e5 7. dxe5 Qa5
8. Bxf6 gxf6 9. a3 fxe5 10. Qf3 b5 11. O-O-O Bg7 12. Rd6 Qc7 13. Qd1 O-O 
14. Kb1 Re8 15. Be2 Nf6 16. h3 Be6 17. Nf3 Nd7 18. Ng5 Nf8 19. Nxe6 Rxe6 
20. Rd3 Rf6 21. Rf1 Rxf1 22. Qxf1 Rd8 23. Rxd8 Qxd8 24. Bh5 Qf6 25. Qf5 
Qxf5 26. exf5 a6 27. Ne4 Nd7 28. Nd6 f6 29. Be8 Nb8 30. Ne4 Kf8 31. Bh5 
Nd7 32. b4 Ke7 33. Kb2 Bh6 34. Bf3 Be3 35. g4 c5 36. c3 cxb4 37. axb4 h6 
38. h4 Nb6 39. Be2 Nd5 40. Kb3 Nc7 41. c4 bxc4+ 42. Bxc4 Bd4 43. Ka4 Bb6 
44. g5 fxg5 45. f6+ Kd7 46. f7 Ke7 47. Nf6 gxh4 48. Nh7 1-0

[Event "Summer Server Series, S40071"]
[Site "CCLA"]
[Date "2014.07.28"]
[Round "?"]
[White "Strelecky, Rich"]
[Black "Greco, Tom"]
[Result "1-0"]
[WhiteElo "1584"]
[BlackElo "1644"]

1. Nc3 d5 2. d4 Nf6 3. Bg5 Nbd7 4. f3 c6 5. e4 dxe4 6. fxe4 e5 7. dxe5 Qa5
8. Bxf6 gxf6 9. exf6 Bb4 10. Ne2 Nxf6 11. Qd4 Be7 12. O-O-O Rg8 13. h3 Be6
14. a3 Rd8 15. Qe3 Rxd1+ 16. Nxd1 Nd7 17. Kb1 Ne5 18. Nd4 Qd8 19. Nc3 Qb6 
20. Na4 Qa5 21. Nxe6 Qxa4 22. Qd4 Qxd4 23. Nxd4 h5 24. Nf5 Bf8 25. g3 Rh8 
26. h4 b5 27. c3 Ng4 28. Bg2 f6 29. Rd1 Rh7 30. b4 Ne5 31. Bf1 Rd7 32. 
Rxd7 Kxd7 33. Kc2 Ke6 34. Be2 Ng4 35. Kd3 Nh6 36. Bxh5 Nf7 37. Nd4+ Ke7 
38. Nxc6+ 1-0

[Event "NA Class C Server Championship, S40129"]
[Site "CCLA"]
[Date "2014.04.30"]
[Round "?"]
[White "Strelecky, Rich"]
[Black "Smiley, William R."]
[Result "0-1"]
[WhiteElo "1584"]
[BlackElo "1530"]

1. Nc3 d5 2. d4 Nf6 3. Bg5 Nbd7 4. Nf3 e6 5. e3 Be7 6. Bd3 O-O 7. Ne5 Re8 
8. Bxf6 Nxf6 9. Qf3 h6 10. O-O c5 11. Bb5 Rf8 12. dxc5 Bxc5 13. Rad1 a6 
14. Ba4 b5 15. Bb3 Qb6 16. Nd3 Bd6 17. a3 Bb7 18. Qh3 Rac8 19. Ne2 Rc7 20.
 c3 Re8 21. Bc2 e5 22. Rfe1 Bc8 23. Qh4 Rc4 24. Qg3 Rg4 25. Qh3 e4 26. Nb4
a5 27. Nxd5 Nxd5 28. Rxd5 Rg5 29. Rxd6 Qxd6 30. Qh4 Qd2 31. Kf1 Qxc2 32. 
Qf4 Qxb2 33. Qd6 Rg6 34. Qc5 Be6 35. Qc6 Rd8 36. Qxe4 Bc4 37. Qf3 Rd2 38. 
g3 Rxe2 39. Rxe2 Bxe2+ 40. Qxe2 Qxe2+ 41. Kxe2 Rg4 42. f4 h5 43. e4 h4 44.
 Kf3 hxg3 45. hxg3 Rg6 0-1

[Event "NA Class C Server Championship, S40129"]
[Site "CCLA"]
[Date "2014.04.30"]
[Round "?"]
[White "Strelecky, Rich"]
[Black "Stroup, Jim"]
[Result "0-1"]
[WhiteElo "1584"]
[BlackElo "1768"]

1. Nc3 d5 2. d4 Nf6 3. Bg5 Nbd7 4. Nf3 e6 5. e3 Bb4 6. Bd3 c5 7. O-O Bxc3 
8. bxc3 c4 9. Be2 Qa5 10. Bxf6 Nxf6 11. a3 Qxc3 12. Qd2 Ne4 13. Qxc3 Nxc3 
14. Bd1 Bd7 15. Nd2 Ba4 16. Bf3 h5 17. Nb1 Nb5 18. c3 g5 19. Bd1 Bxd1 20. 
Rxd1 g4 21. a4 Nd6 22. Nd2 Ke7 23. f3 gxf3 24. Nxf3 Rag8 25. h4 f6 26. Kh2
Ne4 27. Rdb1 b6 28. Rc1 Nf2 29. Re1 Rg4 30. Ra2 Ne4 31. Rc2 Rhg8 32. Rg1 
Ng3 33. Re1 Re4 34. Kh3 Rgg4 35. Nh2 Rg8 36. Nf3 Rxe3 37. Rxe3 Nf1 38. Nh2
Nxe3 39. Re2 Nf5 40. Nf1 Nd6 41. Nd2 a6 42. Re1 b5 43. axb5 Nxb5 44. Ra1 
Nxc3 45. Nf3 Ra8 46. Rc1 Ne2 47. Re1 Nf4+ 48. Kh2 c3 49. Rc1 Rc8 50. g3 
Nd3 51. Rc2 a5 52. Ng1 a4 53. Ne2 Nb4 54. Rxc3 Rxc3 55. Nxc3 a3 0-1

[Event "Herbert W. Gustafson Memorial, S47149"]
[Site "CCLA"]
[Date "2014.10.27"]
[Round "?"]
[White "Nurmi, Ronald"]
[Black "Perry, William E."]
[Result "0-1"]
[WhiteElo "1438"]
[BlackElo "1440"]

1. d4 d5 2. Bf4 c6 3. Nf3 Qb6 4. Qc1 Bf5 5. e3 e6 6. c4 Nf6 7. c5 Qd8 8. 
Nc3 Nbd7 9. b4 b6 10. a4 a5 11. b5 Nb8 12. Be2 bxc5 13. O-O c4 14. h3 Bd6 
15. Bxd6 Qxd6 16. bxc6 Nxc6 17. Nb5 Qd7 18. Bd1 O-O 19. Re1 Ne8 20. Bc2 
Bxc2 21. Qxc2 f6 22. Reb1 Nb4 23. Qc3 Nd6 24. Nxd6 Qxd6 25. Ne1 Rfb8 26. 
g3 e5 27. Kg2 e4 28. Rb2 Qc7 29. Rab1 Nd3 30. Rxb8+ Rxb8 31. Rb5 Rxb5 32. 
axb5 Qb6 33. Nc2 Qxb5 34. Na3 Qb4 35. Qa1 Qb2 36. Qxb2 Nxb2 37. Kf1 Kf7 
0-1

[Event "Summer Server Series, S40091"]
[Site "CCLA"]
[Date "2014.07.28"]
[Round "?"]
[White "Cain, Larry F."]
[Black "Gunning, Edward E."]
[Result "0-1"]
[WhiteElo "1267"]
[BlackElo "1350"]

1. d4 d5 2. Nf3 Nc6 3. e3 e6 4. Bb5 Ne7 5. O-O g6 6. c4 Bg7 7. cxd5 exd5 
8. a3 O-O 9. Nc3 a6 10. Qa4 Ra7 11. Be2 b5 12. Qc2 Bf5 13. Bd3 b4 14. Ne2 
a5 15. Rb1 Qd6 16. axb4 Nxb4 17. Qd1 Nxd3 18. Ra1 c6 19. Ng3 Be4 20. Ra2 
f5 21. Bd2 Qc7 22. b3 c5 23. Bc3 f4 24. Ne5 fxg3 25. fxg3 c4 26. bxc4 dxc4
27. Ra4 Bxe5 28. dxe5 Nd5 29. Qd2 h5 30. Qa2 Nxe3 31. Rxf8+ Kxf8 32. Bd4 
Ra8 33. Bxe3 Nxe5 34. Qf2+ Kg8 35. Bb6 Qc6 36. Rxa5 Rxa5 37. Bxa5 c3 38. 
Qa2+ Kh7 39. Bxc3 Qxc3 40. Qa7+ Kh6 41. Qf2 Qc1+ 42. Qf1 Qxf1+ 43. Kxf1 
Ng4 44. Kg1 Kg5 45. h3 Ne3 46. Kf2 Nxg2 47. Kg1 h4 48. g4 Kf4 49. Kf2 g5 
50. Kg1 Kg3 51. Kf1 Kxh3 52. Kg1 Kg3 53. Kf1 Kxg4 54. Kg1 Kg3 55. Kh1 h3 
56. Kg1 h2+ 0-1

[Event "Herbert W. Gustafson Memorial, S47199"]
[Site "CCLA"]
[Date "2014.10.27"]
[Round "?"]
[White "Benson, Katie J."]
[Black "Lyons, Gage W."]
[Result "1/2-1/2"]
[WhiteElo "1143"]
[BlackElo "1201"]

1. d4 d5 2. Nf3 Nc6 3. Nc3 Nf6 4. e3 a6 5. Ne5 Qd6 6. Nxc6 Qxc6 7. Bd3 g6 
8. O-O Be6 9. Qd2 Bg7 10. b3 O-O 11. Ba3 Rfe8 12. f3 Bd7 13. Ne2 e5 14. c4
dxc4 15. Bxc4 b5 16. Bd3 Bh6 17. Rac1 Qe6 18. Be4 Nxe4 19. fxe4 exd4 20. 
Qxd4 Bg7 21. Qd2 Bc6 22. Nd4 Bxd4 23. Qxd4 Qxe4 24. Qxe4 Rxe4 25. Rf3 
1/2-1/2

[Event "Herbert W. Gustafson Memorial, S47149"]
[Site "CCLA"]
[Date "2014.10.27"]
[Round "?"]
[White "Nurmi, Ronald"]
[Black "Klapczynski, Lukasz"]
[Result "1-0"]
[WhiteElo "1438"]
[BlackElo "1363"]

1. d4 d5 2. Bf4 Nc6 3. Nf3 f6 4. e3 Bg4 5. Be2 Bxf3 6. Bxf3 e5 7. Bg3 e4 
8. Be2 Qd7 9. c4 O-O-O 10. O-O f5 11. c5 h5 12. Nc3 Nf6 13. f4 Ng4 14. Qd2
h4 15. Bf2 h3 16. g3 Be7 17. a3 g6 18. Bxg4 fxg4 19. b4 Bf6 20. b5 Na5 21.
 Rab1 Nc4 22. Qe2 Nxa3 23. Ra1 Nc4 24. Rxa7 Kb8 25. Rfa1 c6 26. b6 Rdf8 
27. Ra8# 1-0

[Event "Premier Quad, S40289"]
[Site "CCLA"]
[Date "2014.09.15"]
[Round "?"]
[White "Smail, John"]
[Black "Disque, Philip"]
[Result "1-0"]
[WhiteElo "1836"]
[BlackElo "1669"]

1. d4 d5 2. Nf3 Nc6 3. Bf4 Bg4 4. e3 e6 5. c4 Bd6 6. Bxd6 Qxd6 7. c5 Qd8 
8. Nbd2 f6 9. Bb5 Ne7 10. O-O O-O 11. a3 e5 12. Be2 Be6 13. b4 e4 14. Ne1 
a6 15. f3 f5 16. fxe4 dxe4 17. g3 Nd5 18. Bc4 Qg5 19. Ng2 Nce7 20. Qe2 Rf6
21. Nf4 Bf7 22. Rf2 Rf8 23. Nf1 Kh8 24. Rc1 Qh6 25. Qe1 g5 26. Nxd5 Nxd5 
27. Nd2 c6 28. Bf1 Ne7 29. a4 Bd5 30. Bg2 Qg6 31. Qe2 h5 32. Rcf1 Kg7 33. 
Kh1 Kf7 34. Nxe4 fxe4 35. Rxf6+ Qxf6 36. Rxf6+ Kxf6 37. Qxh5 Ng6 38. Qe2 
Kg7 39. Qc2 Re8 40. Bf1 Ne7 41. b5 axb5 42. axb5 Nf5 43. Qc1 Rh8 44. Kg1 
Kg6 45. bxc6 bxc6 46. Bc4 Ne7 47. Bxd5 Nxd5 48. Qb1 Re8 49. Qb7 Re6 50. 
Qc8 Kf7 51. Kf2 Rf6+ 52. Ke2 Nc3+ 53. Ke1 Nd5 54. Qd7+ Kf8 55. Qg4 Nxe3 
56. Qxg5 Ng2+ 57. Ke2 Kf7 58. Qh5+ Kg7 59. Qg4+ 1-0

[Event "2nd TCCL Friendly Server Tournament, 2ndTCCL"]
[Site "CCLA"]
[Date "2014.06.15"]
[Round "?"]
[White "Lyons, Anthony W."]
[Black "Lines, Daniel"]
[Result "0-1"]
[WhiteElo "1287"]
[BlackElo "1589"]

1. d4 d5 2. Nf3 c5 3. c3 e6 4. Bf4 Qb6 5. Qc2 cxd4 6. cxd4 Nc6 7. e3 Bd7 
8. Nc3 Rc8 9. Be2 Nf6 10. O-O Be7 11. a3 Nh5 12. Bg3 Nxg3 13. hxg3 O-O 14.
 Bd3 g6 15. Kh2 Na5 16. Ne5 Be8 17. Rh1 f6 18. Nf3 Nc4 19. Rab1 Qa5 20. 
Bxc4 Rxc4 21. Qd2 Bf7 22. Ra1 Rfc8 23. g4 b6 24. g3 g5 25. Ng1 b5 26. Nge2
Qb6 27. Kg2 a5 28. Ra2 Qc6 29. Qd1 Bg6 30. Qa1 b4 31. axb4 axb4 32. Ra6 
Qe8 33. Rxe6 bxc3 34. Nxc3 Qd7 35. Rb6 Bd8 36. Ra6 Qxg4 37. f3 Qf5 38. e4 
dxe4 39. fxe4 Qg4 40. Qe1 Rxd4 41. Qe3 Bxe4+ 42. Nxe4 Rxe4 43. Qb3+ Kf8 
44. Rd1 Re2+ 45. Kf1 Qe4 46. Qd5 Re1+ 47. Rxe1 Qxd5 0-1

[Event "Herbert W. Gustafson Memorial, S47209"]
[Site "CCLA"]
[Date "2014.10.27"]
[Round "?"]
[White "Howard, James"]
[Black "Cantrell, Dennis"]
[Result "0-1"]
[WhiteElo "1145"]
[BlackElo "1211"]

1. Nf3 d5 2. d4 Nf6 3. e4 e6 4. Bb5+ c6 5. O-O cxb5 6. exd5 Bd6 7. Bg5 Qc7
8. dxe6 Bxe6 9. d5 Nxd5 10. Qd4 Nf6 11. Nc3 a6 12. Rad1 O-O 13. Qxd6 Qxd6 
14. Rxd6 Nc6 15. a4 b4 16. Ne2 Ne4 17. Be7 Nxe7 18. Rd7 Bxd7 19. c3 bxc3 
20. Nxc3 Nxc3 21. bxc3 Bxa4 22. c4 Rad8 23. c5 Rfe8 24. c6 Nxc6 25. g3 Rd1
26. Rxd1 Bxd1 27. Ng5 h6 28. Nh3 Bf3 29. Kf1 Rd8 30. Ke1 Rd1# 0-1

[Event "2nd TCCL Friendly Server Tournament, 2ndTCCL"]
[Site "CCLA"]
[Date "2014.06.15"]
[Round "?"]
[White "Lines, Daniel"]
[Black "Benson, Katie J."]
[Result "1-0"]
[WhiteElo "1589"]
[BlackElo "1194"]

1. d4 Nf6 2. Nf3 d5 3. Bf4 c6 4. e3 e6 5. c3 c5 6. Nbd2 c4 7. Be2 Nc6 8. 
b3 b5 9. b4 Bd6 10. Bxd6 Qxd6 11. O-O e5 12. a4 Ba6 13. a5 O-O 14. dxe5 
Nxe5 15. Nd4 Rfe8 16. Qc2 Rad8 17. Rfe1 Qd7 18. h3 Ng6 19. Reb1 Nf8 20. 
Rd1 Ne6 21. N2f3 Ne4 22. Nxe6 fxe6 23. Ne5 Qc7 24. f4 Qb8 25. Nc6 Qc8 26. 
Nxd8 Qxd8 27. Bf3 Bb7 28. Bxe4 Qf6 29. Bxh7+ Kh8 30. Qg6 Qxg6 31. Bxg6 Rf8
32. e4 dxe4 33. Rd6 Rf6 34. Rd8+ 1-0

[Event "2nd TCCL Friendly Server Tournament, 2ndTCCL"]
[Site "CCLA"]
[Date "2014.06.15"]
[Round "?"]
[White "Buganza, Nathan J."]
[Black "Shaffer, Aaron"]
[Result "1-0"]
[WhiteElo "1427"]
[BlackElo "1383"]

1. d4 Nf6 2. Nf3 d5 3. Bf4 e6 4. Ne5 Bd6 5. Nc3 Nbd7 6. Nxd7 Nxd7 7. Bxd6 
cxd6 8. e3 O-O 9. Be2 f6 10. O-O e5 11. dxe5 dxe5 12. Nxd5 Qa5 13. Bc4 Nb6
14. Nc7+ Rf7 15. Qd8# 1-0

[Event "Herbert W. Gustafson Memorial Open, S47039"]
[Site "CCLA"]
[Date "2014.10.27"]
[Round "?"]
[White "Owens, Johnny"]
[Black "Galvin, John H."]
[Result "1-0"]
[WhiteElo "2150"]
[BlackElo "2191"]

1. d4 d5 2. Nf3 e6 3. Bf4 Nf6 4. Nbd2 Be7 5. e3 Nbd7 6. h3 c5 7. c3 O-O 8.
 Qc2 h6 9. Be2 b6 10. a4 Bb7 11. a5 c4 12. b3 b5 13. a6 Bc6 14. b4 Ne4 15.
 O-O f6 16. h4 Rc8 17. h5 f5 18. Ne5 Nxe5 19. dxe5 Qe8 20. Rfd1 Bd8 21. 
Qc1 Bc7 22. Ra2 Rb8 23. Bh2 Kh8 24. f4 Rg8 25. Nxe4 dxe4 26. g3 Qe7 27. 
Kg2 g6 28. hxg6 Rxg6 29. Bh5 Rg7 30. Kf2 1-0

[Event "2nd TCCL Friendly Server Tournament, 2ndTCCL"]
[Site "CCLA"]
[Date "2014.06.15"]
[Round "?"]
[White "Shaffer, Aaron"]
[Black "Benson, Katie J."]
[Result "1/2-1/2"]
[WhiteElo "1383"]
[BlackElo "1194"]

1. d4 Nf6 2. Nf3 d5 3. Bf4 e6 4. e3 c5 5. Bb5+ Bd7 6. Bxd7+ Qxd7 7. Bxb8 
cxd4 8. exd4 Rxb8 9. O-O Bd6 10. a3 O-O 11. Nc3 a6 12. Ne5 Bxe5 13. dxe5 
Ne8 14. Qd4 f6 15. Rad1 fxe5 16. Qa4 Qxa4 17. Nxa4 Rf4 18. Nc5 Nc7 19. 
Rfe1 b6 20. Nd3 Rf6 21. Nxe5 Rc8 22. g3 Rd8 23. Nc6 Rd6 24. Nb4 h5 25. b3 
a5 26. Na2 Rf7 27. a4 Re7 28. Nc3 1/2-1/2

[Event "NA Class C Server Championship, S40129"]
[Site "CCLA"]
[Date "2014.04.30"]
[Round "?"]
[White "Nurmi, Ronald"]
[Black "Cangelosi, Dominic"]
[Result "1/2-1/2"]
[WhiteElo "1438"]
[BlackElo "1415"]

1. d4 d5 2. Bf4 e6 3. e3 c5 4. Nf3 Nf6 5. c3 Nbd7 6. Nbd2 Be7 7. Bd3 O-O 
8. Ne5 Nxe5 9. dxe5 Nd7 10. Qh5 g6 11. Qh6 f5 12. Nf3 Rf7 13. h4 Qf8 14. 
O-O-O c4 15. Bc2 Nc5 16. Qxf8+ Bxf8 17. h5 gxh5 18. Rxh5 Be7 19. Bg5 Bd7 
20. Rdh1 Be8 21. Bxe7 Rxe7 22. Rh6 Bg6 23. Nh4 Rf8 24. Nxg6 hxg6 25. Rxg6+
Rg7 26. Rxg7+ Kxg7 27. f4 Rh8 28. Rxh8 Kxh8 1/2-1/2

[Event "Premier Quad, S40319"]
[Site "CCLA"]
[Date "2014.09.26"]
[Round "?"]
[White "Shannon, Paul D."]
[Black "Laven, George"]
[Result "1/2-1/2"]
[WhiteElo "1832"]
[BlackElo "1834"]

1. d4 Nf6 2. g3 d5 3. Bg2 c6 4. Nf3 Bf5 5. b3 e6 6. O-O Nbd7 7. c4 Be7 8. 
Nbd2 O-O 9. Bb2 Ne4 10. Ne1 Nxd2 11. Qxd2 Nf6 12. f3 Qb6 13. e3 Rfd8 14. 
Bc3 a5 15. Nd3 Bxd3 16. Qxd3 Bb4 17. a3 Bxc3 18. Qxc3 c5 19. Rfd1 Rdc8 20.
 Kh1 a4 21. Rab1 axb3 22. Rxb3 Qa6 23. Bf1 Qc6 24. cxd5 Qxd5 25. e4 Qd7 
26. Be2 cxd4 27. Qxd4 Qa4 28. Qxa4 Rxa4 29. Bb5 Raa8 30. a4 Kf8 31. Rd2 
Ke7 32. Kg2 Rd8 33. Rc2 Rac8 34. Rbb2 h6 35. Kf2 g5 36. Be2 Rxc2 37. Rxc2 
Kd6 38. Ke3 e5 39. Rb2 Rd7 40. Rb6+ Ke7 41. a5 Rc7 42. Bd3 Ng8 43. f4 f6 
44. Rb4 Kf8 45. Bc4 Ne7 46. fxg5 hxg5 47. h4 gxh4 48. gxh4 Kg7 49. Kf3 Kg6
50. Kg4 Nc6 51. h5+ Kh6 52. Rb6 Kg7 53. a6 bxa6 54. Bxa6 Nd4 55. Rb7 
1/2-1/2

[Event "Summer Server Series, S40051"]
[Site "CCLA"]
[Date "2014.07.28"]
[Round "?"]
[White "Holmes, Ross A."]
[Black "Sereni, Vincent T."]
[Result "1/2-1/2"]
[WhiteElo "2114"]
[BlackElo "2118"]

1. d4 d5 2. Nf3 Nf6 3. Bg5 Ne4 4. Bh4 c5 5. e3 Qb6 6. Qc1 cxd4 7. exd4 Nc6
8. Nc3 h6 9. Bd3 g5 10. Bg3 Nxg3 11. hxg3 g4 12. Nd2 Qxd4 13. O-O Bg7 14. 
Re1 Be6 15. Nb3 Qf6 16. Nc5 O-O 17. Qd2 Rac8 18. Qe3 Ne5 19. Nxe6 fxe6 20.
 Qxa7 Ra8 21. Qb6 Nxd3 22. cxd3 Ra6 23. Qc5 b6 24. Qb4 Qxf2+ 25. Kh2 Rf5 
26. Qxg4 Rg5 27. Qxe6+ Kh7 28. Qh3 Qxb2 29. Ne2 e5 30. d4 Ra3 31. Rab1 Qd2
32. Rbd1 Qb4 33. Rb1 Qd6 34. dxe5 Bxe5 35. Rb3 Rxb3 36. axb3 d4 37. Nf4 d3
38. Kh1 d2 39. Rd1 b5 40. b4 Bc3 41. Qc8 Bxb4 42. Qb7+ Kg8 43. Qa8+ Kf7 
44. Qf3 Rf5 45. Qb7+ Qe7 46. Qf3 Qc5 47. Qb7+ Qe7 48. Qf3 Qe1+ 49. Kh2 Bd6
50. Qb3+ Kg7 51. Qc3+ Qe5 52. Qc8 h5 53. Rxd2 Rxf4 54. Qd7+ Kg8 55. Qd8+ 
Rf8 56. Qxd6 Qxd6 57. Rxd6 Rb8 58. g4 hxg4 59. Kg3 Kf8 60. Kxg4 1/2-1/2

[Event "Winter Server Series, S40021"]
[Site "CCLA"]
[Date "2014.01.27"]
[Round "?"]
[White "McLaughlin, Ed"]
[Black "Disque, Philip"]
[Result "1-0"]
[WhiteElo "1561"]
[BlackElo "1669"]

1. d4 Nf6 2. Nf3 d5 3. Bg5 e6 4. Nbd2 c5 5. e3 Qb6 6. Bxf6 gxf6 7. Rb1 Nc6
8. c3 e5 9. dxc5 Bxc5 10. Nb3 Be6 11. Nxc5 Qxc5 12. Qa4 O-O-O 13. Qh4 e4 
14. Nd2 f5 15. Qf4 Qd6 16. Qxd6 Rxd6 17. Nb3 a6 18. g3 Kb8 19. Be2 h5 20. 
h4 Bc8 21. Nc5 Ne5 22. O-O Nf3+ 23. Bxf3 exf3 24. Nd3 Bd7 25. Nf4 b5 26. 
Rbd1 Be6 27. Rd4 Kc7 28. Rfd1 Kc6 29. a4 Rh6 30. Kf1 Rh7 31. Ra1 Kb6 32. 
Ke1 Kc6 33. Kd1 Kb6 34. Kc2 Rh6 35. Nd3 Bd7 36. a5+ Ka7 37. Ne5 Be6 38. 
Nxf3 f6 39. Rf4 Rg6 40. Nd4 Rg4 41. Nxe6 Rxe6 42. Rxf5 Rc4 43. Rxd5 Re5 
44. Rad1 Ra4 45. Rxe5 fxe5 46. Rd5 Rxa5 47. Rxe5 Ra1 48. Rxh5 Rf1 49. Rf5 
Re1 50. b4 Re2+ 51. Kd3 Re1 52. g4 Rh1 53. h5 1-0

[Event "NA Master/Expert Server Championship, S40099"]
[Site "CCLA"]
[Date "2014.04.30"]
[Round "?"]
[White "Belanoff, Stuart"]
[Black "McLaughlin, James"]
[Result "1/2-1/2"]
[WhiteElo "2294"]
[BlackElo "2046"]

1. d4 Nf6 2. Nf3 e6 3. Bg5 d5 4. Nbd2 Be7 5. e3 h6 6. Bh4 b6 7. Ne5 Nfd7 
8. Bg3 Nxe5 9. Bxe5 O-O 10. Be2 c5 11. O-O Nc6 12. Nf3 Nxe5 13. Nxe5 Bd6 
14. f4 f6 15. Ng6 Rf7 16. c3 Bd7 17. Rf3 Rb8 18. Rg3 b5 19. Bh5 Be8 20. 
Qg4 f5 21. Qd1 b4 22. dxc5 Bxc5 23. Ne5 Rc7 24. c4 dxc4 25. Bxe8 Qxe8 26. 
Nxc4 Be7 27. b3 Bf6 28. Rc1 Rd8 29. Qe2 Rcd7 30. Rf3 Qh5 31. h3 Rd3 32. 
Kh2 Bc3 33. Rf2 Qxe2 34. Rxe2 g5 35. g4 Kf7 36. Rf1 Kg6 37. Kg2 Rd1 
1/2-1/2

[Event "Winter Server Series, S40021"]
[Site "CCLA"]
[Date "2014.01.27"]
[Round "?"]
[White "McLaughlin, Ed"]
[Black "Shannon, Paul D."]
[Result "0-1"]
[WhiteElo "1561"]
[BlackElo "1832"]

1. d4 Nf6 2. Nf3 g6 3. Bg5 Bg7 4. Nbd2 d5 5. e3 Nbd7 6. Bd3 O-O 7. c3 c5 
8. O-O b6 9. e4 dxe4 10. Nxe4 Bb7 11. Nxf6+ exf6 12. Be3 cxd4 13. Bxd4 Ne5
14. Be2 Qc7 15. h3 Rad8 16. Nd2 Qc6 17. Nf3 a6 18. Qb3 b5 19. a4 Nc4 20. 
axb5 axb5 21. Rfd1 Ra8 22. Ne1 Rxa1 23. Rxa1 Nd6 24. Bf3 Qc8 25. Bxb7 Qxb7
26. Nf3 Ra8 27. Qd1 Rxa1 28. Qxa1 b4 29. Bc5 bxc3 30. Bxd6 cxb2 31. Qb1 
Qa6 32. Bf4 Qa1 33. Nd2 f5 34. Qf1 h6 35. Nb1 Qa4 36. Bd2 Qc2 37. Qe1 Kh7 
38. h4 Bf6 39. h5 g5 40. g3 Bd4 41. Na3 Qd3 0-1

[Event "Premier Quad, S40289"]
[Site "CCLA"]
[Date "2014.09.15"]
[Round "?"]
[White "Smail, John"]
[Black "Holmer, Arthur E."]
[Result "0-1"]
[WhiteElo "1836"]
[BlackElo "1860"]

1. d4 d5 2. Nf3 Nf6 3. e3 g6 4. b3 Bg7 5. Bd3 Nbd7 6. Bb2 c5 7. O-O cxd4 
8. exd4 O-O 9. Ne5 Nxe5 10. dxe5 Ng4 11. Qe2 d4 12. f4 Ne3 13. Re1 f6 14. 
exf6 Bxf6 15. Nd2 Bg4 16. Nf3 Rc8 17. Rac1 e5 0-1

[Event "Premier Quad, S40279"]
[Site "CCLA"]
[Date "2014.09.12"]
[Round "?"]
[White "Rasmussen, Bruce A."]
[Black "Silverman, Robert"]
[Result "0-1"]
[WhiteElo "1539"]
[BlackElo "1871"]

1. d4 d5 2. Nf3 g6 3. e3 Nf6 4. Bd3 Bg7 5. O-O O-O 6. Ne5 Ne4 7. c4 c6 8. 
Nd2 Bf5 9. f3 Nxd2 10. Bxd2 Bxd3 11. Nxd3 dxc4 12. Ne5 c5 13. Bc3 cxd4 14.
 exd4 Bxe5 15. Qe2 Bxd4+ 16. Bxd4 Qxd4+ 17. Kh1 Nc6 18. f4 Rad8 19. Rab1 
Rd6 20. Rbd1 Re6 21. Qg4 Qxb2 22. f5 Ne5 23. Qg5 f6 24. Qh6 Nf7 25. Qf4 
Re5 26. Rd2 Qc3 27. g4 Qe3 28. Qd4 Qxd4 29. Rxd4 Rc8 30. h4 gxf5 31. Rg1 
Nd6 32. gxf5+ Kf7 33. Rf4 Nxf5 0-1